000 00683nam a22002417a 4500
999 _c324292
_d324292
001 38131
003 UA-OsUOA
005 20230504161231.0
007 ta
008 20060427b un ||||| |||| 00| 0 ukr d
020 _a9668210182
040 _aUA-OsUOA
_bukr
_cUA-OsUOA
_dUA-OsUOA
041 _aukr
080 _a32.019.5
090 _a32.019.5
_bП50
245 _aПолітична культура: теорія, проблеми, перспективи
260 _aК.
_bПАРАПАН
_c2004
300 _a224 с.
650 7 _a32 Політика
_2UDC
942 _cBK
_2udc
955 _a2